Statistics for Every WWE Champion

Click here to take the quiz!

General Stats

  • This quiz has been taken 24 times
  • The average score is 127 of 145

Answer Stats

Year Won:Answer% Correct
2005 | 2006 | 2009 | +5 othersJohn Cena
100%
1998 | 1999 | 2000 | +3 othersThe Rock
100%
1991 | 1997 | 1999 | 2002The Undertaker
100%
1999 | 2000 | 2002 | +4 othersTriple H
100%
2002 | 2003 | 2014 | 2019Brock Lesnar
95%
1984 | 1989 | 1991 | +2 othersHulk Hogan
95%
1998 | 1999 | 2001Stone Cold Steve Austin
95%
2016 | 2017AJ Styles
90%
2011Alberto Del Rio
90%
2009 | 2010Batista
90%
2021Bobby Lashley
90%
2017Bray Wyatt
90%
1992 | 1994 | 1995 | 1997Bret Hart
90%
2011CM Punk
90%
2013 | 2014 | 2018Daniel Bryan
90%
2016Dean Ambrose
90%
2020Drew McIntyre
90%
2017Jinder Mahal
90%
2019Kofi Kingston
90%
2007 | 2009 | 2010 | +3 othersRandy Orton
90%
1988 | 1992Randy Savage
90%
2015 | 2016Roman Reigns
90%
2015 | 2016Seth Rollins
90%
2009 | 2015Sheamus
90%
2010 | 2021The Miz
90%
1999 | 2002Big Show
85%
2001Chris Jericho
85%
2004Eddie Guerrero
85%
2006 | 2008 | 2009Edge
85%
1998Kane
85%
2011Rey Mysterio
85%
1992Ric Flair
85%
1996 | 1997Shawn Michaels
85%
1990The Ultimate Warrior
85%
1993Yokozuna
85%
1988André the Giant
80%
2000 | 2001 | 2002 | 2003Kurt Angle
80%
2010Sheamus
80%
1963 | 1973Bruno Sammartino
75%
2004JBL
75%
2008Jeff Hardy
75%
1998 | 1999Mankind
75%
1978 | 1979 | 1994Bob Backlund
70%
2006Rob Van Dam
70%
1991Sgt Slaughter
70%
1999Vince McMahon
70%
1994Diesel
65%
1963Buddy Rodgers
60%
1996 | 1997Sycho Sid
60%
1988Ted DiBiase
55%
1971Ivan Koloff
50%
1971Pedro Morales
50%
1983The Iron Shiek
50%
1977Superstar Billy Graham
45%
1973Stan Stasiak
40%
1979Antonio Inoki
30%

Score Distribution

Percentile by Number Answered

Percent of People with Each Score

Your Score History

You have not taken this quiz